Too Little Too Late - JoJo - All Lyrics - Statistics

General Stats
  • This quiz has been taken 15 times
  • The average score is 413 of 505
Answer Stats
Answer % Correct
a
100%
A
100%
(Ah,
100%
and
100%
And
100%
can
100%
can't
100%
I
100%
late)
100%
late
100%
little
100%
little,
100%
me,
100%
me
100%
Mmh
100%
oh,
100%
oh-ooh
100%
ooh,
100%
ooh)
100%
(Ooh)
100%
to
100%
To
100%
whoa
100%
(Woo!)
100%
all
89%
but
89%
But
89%
do
89%
don't
89%
Go
89%
go,
89%
it
89%
it's
89%
It's
89%
just
89%
know
89%
my
89%
no,
89%
no
89%
say
89%
say?
89%
the
89%
too
89%
(Too
89%
wait
89%
wait,
89%
ya
89%
You
89%
(You
89%
you
89%
you,
89%
be
78%
'Cause
78%
doesn't
78%
have
78%
(Hey,
78%
hey)
78%
like
78%
love
78%
of
78%
right
78%
stay
78%
things
78%
wrong,
78%
Yeah,
78%
yeah
78%
yeah!
78%
(Yeah,
78%
yeah,
78%
yeah)
78%
your
78%
Your
78%
anyway
67%
boy,
67%
Come
67%
come
67%
feel
67%
for
67%
game
67%
give
67%
give)
67%
gonna
67%
has
67%
heart,
67%
I'm
67%
matter
67%
night
67%
on
67%
this
67%
time
67%
wanna
67%
was
67%
What
67%
with
67%
With
67%
Because
56%
expect
56%
fool
56%
gave
56%
gone
56%
got
56%
hand,
56%
in
56%
In
56%
made
56%
much
56%
myself
56%
now
56%
real,
56%
So
56%
so
56%
take
56%
That's
56%
wasn't
56%
asking
44%
baby
44%
baby)
44%
changed
44%
dream
44%
enough
44%
everything,
44%
help
44%
let
44%
live,
44%
someone
44%
strong
44%
way
44%
young
44%
you've
44%
begging
33%
chance
33%
chase
33%
communicate
33%
down
33%
else
33%
find
33%
letting
33%
loving
33%
move
33%
player
33%
problem
33%
starting
33%
words,
33%
face
22%
(I've
22%
Mmh
22%
mmh...
22%
Mmh-mmh
22%
prayer
11%
No matching quizzes found
Score Distribution
Percent of People with Each Score
Percentile by Number Answered
Your Score History
You have not taken this quiz